Long Walk to Freedom / (Record no. 36687)
[ view plain ]
| 000 -LEADER | |
|---|---|
| fixed length control field | 00420nam a22001697a 4500 |
| 005 - DATE AND TIME OF LATEST TRANSACTION | |
| control field | 20241021092329.0 |
| 008 - FIXED-LENGTH DATA ELEMENTS--GENERAL INFORMATION | |
| fixed length control field | 241021b |||||||| |||| 00| 0 eng d |
| 020 ## - INTERNATIONAL STANDARD BOOK NUMBER | |
| ISBN | 97803491006533 |
| 082 ## - DEWEY DECIMAL CLASSIFICATION NUMBER | |
| Classification number | 942 |
| Item number | NEL-L |
| 100 ## - MAIN ENTRY--AUTHOR | |
| Author Name | Nelson Mandela |
| 245 ## - TITLE STATEMENT | |
| Title | Long Walk to Freedom / |
| Statement of responsibility, etc. | Nelson Mandela |
| 260 ## - PUBLICATION, DISTRIBUTION, ETC. | |
| Place of Publication | UK |
| Name of publisher, distributor, etc. | Great British |
| Date of publication, distribution, etc. | 1994 |
| 300 ## - PHYSICAL DESCRIPTION | |
| Pages | 768p. |
| 650 ## - SUBJECT ADDED ENTRY--TOPICAL TERM | |
| Subject / Department | Literature |
| 300 ## - PHYSICAL DESCRIPTION | |
| -- | ill; |
| -- | 22cm. |
| 952 ## - LOCATION AND ITEM INFORMATION (KOHA) | |
| -- | 0 |
| -- | 0 |
| Lost status | Damaged status | Collection code | Permanent Location | Current Location | Shelving Location | Date acquired | Full Call Number | Accession No./Barcode | Date last seen | item type | Koha item type |
|---|---|---|---|---|---|---|---|---|---|---|---|
| Literature/Urdu/eng/Islamic | Superior Information Resource Center (SIRC) Superior University- Main Campus | Superior Information Resource Center (SIRC) Superior University- Main Campus | Literature | 10/21/2024 | 942 NEL-L 1994 | 29545 | 10/21/2024 | BOOK | BOOK |
